[Event "84th Tata Steel Challengers 2022"]
[Site "Wijk aan Zee"]
[Date "2022.01.25"]
[Round "9.3"]
[White "Jumabayev, Rinat"]
[Black "Murzin, Volodar"]
[Result "1/2-1/2"]
[WhiteElo "2631"]
[BlackElo "2519"]
[Annotator "TA"]
[PlyCount "80"]
[EventDate "2022.01.15"]
[EventType "tourn"]
[EventCountry "NED"]
[SourceTitle "playchess.com"]
[Source "ChessBase"]
[SourceQuality "1"]

1. d4 d5 2. c4 c6 3. Nf3 Nf6 4. Qc2 g6 5. e3 Bg7 6. Be2 O-O 7. O-O a5 8. Nc3 Bf5 9. Qb3 Ra7 10. cxd5 cxd5 11. Bd2 Nc6 12. Rfc1 Ne4 13. Be1 e6 14. Bb5 Ne7 15. Ne5 Nxc3 16. Qxc3 Nc8 17. Nd7 Nd6 18. Qc5 Nxb5 19. Nxf8 Bd3 20. Nxe6 fxe6 21. a4 Bf8 22. Qc8 Qxc8 23. Rxc8 Nd6 24. Rb8 Bc2 25. b4 Nc4 26. bxa5 Kf7 27. Rd8 Be7 28. Rh8 g5 29. Rc1 Bg6 30. Rc8 Bd6 31. f3 Nxe3 32. Rd8 Ke7 33. Rcc8 Nc4 34. h4 Ra6 35. hxg5 Nxa5 36. Rg8 Kf7 37. Rgd8 Ke7 38. Rg8 Kf7 39. Rgd8 Ke7 40. Rg8 Kf7 1/2-1/2

[Event "82nd Tata Steel Challengers 2020"]
[Site "Wijk aan Zee"]
[Date "2020.01.21"]
[Round "9.3"]
[White "Keymer, Vincent"]
[Black "Ganguly, Surya Shekhar"]
[Result "1/2-1/2"]
[WhiteElo "2527"]
[BlackElo "2636"]
[Annotator "TA"]
[PlyCount "73"]
[EventDate "2020.01.11"]
[EventType "tourn"]
[EventCountry "NED"]
[SourceTitle "playchess.com"]
[Source "ChessBase"]
[SourceQuality "1"]

1. c4 e6 2. Nc3 d5 3. d4 Nf6 4. cxd5 exd5 5. Bg5 c6 6. Qc2 Be6 7. e3 Nbd7 8. Bd3 h6 9. Bh4 g5 10. Bg3 Nh5 11. Nge2 Nxg3 12. Nxg3 h5 13. e4 dxe4 14. Ngxe4 Nb6 15. O-O-O Qe7 16. Nc5 O-O-O 17. Rhe1 Rxd4 18. Nxe6 fxe6 19. Rxe6 Qd8 20. Bf5 Rxd1+ 21. Qxd1 Kc7 22. Qxd8+ Kxd8 23. Ne4 g4 24. Ng5 Rg8 25. Nf7+ Kc7 26. Rg6 Rg7 27. Rxg7 Bxg7 28. Bg6 h4 29. Bf5 Bd4 30. Bxg4 Bxf2 31. Ne5 Nd5 32. Bf3 Nb4 33. a3 Bd4 34. axb4 Bxe5 35. Kc2 Bxh2 36. Kb3 Be5 37. Bg4 1/2-1/2

[Event "Tata Steel Tienkampen 2023"]
[Site "Wijk aan Zee"]
[Date "2023.01.29"]
[Round "9.3"]
[White "Pijpers, Arthur"]
[Black "De Winter, Arthur"]
[Result "1-0"]
[WhiteElo "2445"]
[BlackElo "2371"]
[Annotator "TA"]
[PlyCount "63"]
[EventDate "2023.01.20"]
[EventType "swiss"]
[EventCountry "NED"]
[SourceTitle "playchess.com"]
[Source "ChessBase"]
[SourceQuality "1"]

1. d4 Nf6 2. c4 g6 3. Nc3 Bg7 4. e4 d6 5. Be2 O-O 6. Be3 e5 7. d5 Na6 8. h4 Nc5 9. Qc2 c6 10. h5 a5 11. h6 Bh8 12. Bxc5 dxc5 13. O-O-O cxd5 14. cxd5 Ne8 15. d6 c4 16. Bxc4 Nxd6 17. Nf3 Bg4 18. Nb5 Bxf3 19. gxf3 Qg5+ 20. Kb1 Nxc4 21. Qxc4 Rac8 22. Qb3 Bf6 23. Nc3 Be7 24. Rd7 Bc5 25. Nd5 a4 26. Qxa4 Qg2 27. Qd1 Rb8 28. Nf6+ Kh8 29. Ng4 Bxf2 30. Rd2 f5 31. Rxf2 Qg3 32. Qd7 1-0

[Event "86th Tata Steel Tienkamp 2024"]
[Site "Wijk aan Zee"]
[Date "2024.01.28"]
[Round "9.3"]
[White "Abdulla, Murad"]
[Black "Zwirs, Nico"]
[Result "1-0"]
[WhiteElo "2332"]
[BlackElo "2476"]
[Annotator "TA"]
[PlyCount "97"]
[EventDate "2024.01.02"]
[EventType "tourn"]
[EventCountry "NED"]
[SourceTitle "playchess.com"]
[Source "ChessBase"]
[SourceQuality "1"]

1. e4 c5 2. Nf3 d6 3. d4 cxd4 4. Nxd4 Nf6 5. Nc3 a6 6. h3 e5 7. Nde2 h5 8. g3 Be7 9. a4 Nc6 10. Bg2 Nb4 11. O-O Be6 12. Nd5 Nfxd5 13. exd5 Bf5 14. c3 Nd3 15. Be3 Nxb2 16. Qb3 Nd3 17. Qxb7 Qc8 18. Rfb1 Nc5 19. Qxc8+ Rxc8 20. Rb6 O-O 21. a5 Bd3 22. Nc1 Bc4 23. Rb4 Nd7 24. Rb7 Rfd8 25. Na2 Bf6 26. Nb4 Nc5 27. Rb6 e4 28. Ra3 Bb5 29. Nc6 Rd7 30. Bf1 Nd3 31. f3 Re8 32. fxe4 Rxe4 33. Rb8+ Kh7 34. c4 Bxc4 35. Bxd3 Bxd3 36. Rxd3 Ra4 37. Bd4 Bg5 38. h4 Bh6 39. Be3 f5 40. Bxh6 Kxh6 41. Rh8+ Kg6 42. Kg2 f4 43. gxf4 Rb7 44. Rg3+ Kf5 45. Rxh5+ Kxf4 46. Rhg5 Rb2+ 47. Kh3 Ra1 48. R5g4+ Kf5 49. Rf3# 1-0

[Event "85th Tata Steel Masters 2023"]
[Site "Wijk aan Zee"]
[Date "2023.01.24"]
[Round "9.4"]
[White "Carlsen, Magnus"]
[Black "Gukesh D"]
[Result "1/2-1/2"]
[WhiteElo "2859"]
[BlackElo "2725"]
[Annotator "TA"]
[PlyCount "91"]
[EventDate "2023.01.10"]
[EventType "tourn"]
[EventCountry "NED"]
[SourceTitle "playchess.com"]
[Source "ChessBase"]
[SourceQuality "1"]

1. d4 Nf6 2. c4 e6 3. Nf3 d5 4. Nc3 Bb4 5. cxd5 exd5 6. Bf4 Ne4 7. Rc1 Nd7 8. Nd2 Nxc3 9. bxc3 Ba3 10. Rb1 Nb6 11. e3 Bf5 12. Rb3 Bd6 13. Bg3 O-O 14. Nf3 c5 15. dxc5 Bxc5 16. Bd3 Be4 17. O-O Qe7 18. Qb1 Rac8 19. Rd1 Rfd8 20. Bh4 f6 21. Bg3 Bxd3 22. Rxd3 Qe4 23. Nd2 Qf5 24. h4 Re8 25. Rb5 Qg6 26. Bf4 Bf8 27. Ra5 a6 28. e4 Nc4 29. Raxd5 Nxd2 30. Bxd2 Qxe4 31. R5d4 Qe6 32. Qxb7 Qxa2 33. h5 Qf7 34. Qf3 h6 35. Rd7 Qe6 36. Qg3 Qf5 37. Qg6 Qxg6 38. hxg6 Ra8 39. R3d4 f5 40. c4 a5 41. R4d5 a4 42. Bc3 a3 43. Rxf5 a2 44. Rxf8+ Kxf8 45. Rf7+ Kg8 46. Rxg7+ 1/2-1/2

[Event "84th Tata Steel Masters 2022"]
[Site "Wijk aan Zee"]
[Date "2022.01.25"]
[Round "9.4"]
[White "Duda, Jan-Krzysztof"]
[Black "Esipenko, Andrey"]
[Result "1/2-1/2"]
[WhiteElo "2760"]
[BlackElo "2714"]
[Annotator "TA"]
[PlyCount "85"]
[EventDate "2022.01.15"]
[EventType "tourn"]
[EventCountry "NED"]
[SourceTitle "playchess.com"]
[Source "ChessBase"]
[SourceQuality "1"]

1. d4 Nf6 2. c4 e6 3. Bf4 Bb4+ 4. Nd2 Nc6 5. a3 Bxd2+ 6. Qxd2 d6 7. O-O-O Qe7 8. e3 e5 9. Bg5 h6 10. Bh4 g5 11. Bg3 Ne4 12. Qe1 exd4 13. exd4 Nxg3 14. hxg3 Bf5 15. Nf3 O-O-O 16. d5 Ne5 17. c5 Kb8 18. c6 Bc8 19. Nd4 b6 20. f3 Rhe8 21. Qc3 Ng6 22. Bc4 Qe5 23. Ne2 Rh8 24. Rd4 Rde8 25. a4 a6 26. Qd3 Ka7 27. a5 Qe3+ 28. Qxe3 Rxe3 29. Kd2 Re7 30. axb6+ Kxb6 31. b4 Ne5 32. Bb3 h5 33. Bc2 f5 34. Nc3 h4 35. gxh4 Reh7 36. Ne2 Ng6 37. g3 gxh4 38. gxh4 Nxh4 39. Rf1 Ng6 40. Rf2 Ne5 41. Rf4 Ng6 42. Rd4 Ne5 43. Rf4 1/2-1/2

[Event "82nd Tata Steel Masters 2020"]
[Site "Wijk aan Zee"]
[Date "2020.01.21"]
[Round "9.4"]
[White "Vitiugov, Nikita"]
[Black "Caruana, Fabiano"]
[Result "1/2-1/2"]
[WhiteElo "2747"]
[BlackElo "2822"]
[Annotator "TA"]
[PlyCount "45"]
[EventDate "2020.01.11"]
[EventType "tourn"]
[EventCountry "NED"]
[SourceTitle "playchess.com"]
[Source "ChessBase"]
[SourceQuality "1"]

1. d4 Nf6 2. c4 e6 3. Nc3 Bb4 4. Qc2 O-O 5. e4 d5 6. e5 Ne4 7. Bd3 c5 8. Nf3 cxd4 9. Nxd4 Nd7 10. Bf4 Qh4 11. g3 Qh5 12. O-O g5 13. cxd5 gxf4 14. dxe6 Nxc3 15. exd7 Bxd7 16. bxc3 fxg3 17. hxg3 Rac8 18. Bf5 Bxc3 19. Qd1 Qxd1 20. Raxd1 Rc4 21. Bxd7 Rxd4 22. Rxd4 Bxd4 23. Rb1 1/2-1/2

[Event "82nd Tata Steel Challengers 2020"]
[Site "Wijk aan Zee"]
[Date "2020.01.21"]
[Round "9.4"]
[White "Eljanov, Pavel"]
[Black "Saduakassova, Dinara"]
[Result "1/2-1/2"]
[WhiteElo "2650"]
[BlackElo "2519"]
[Annotator "TA"]
[PlyCount "107"]
[EventDate "2020.01.11"]
[EventType "tourn"]
[EventCountry "NED"]
[SourceTitle "playchess.com"]
[Source "ChessBase"]
[SourceQuality "1"]

1. c4 c5 2. Nc3 Nc6 3. g3 g6 4. Bg2 Bg7 5. Nf3 d6 6. O-O e6 7. e3 Nge7 8. d4 O-O 9. Re1 Rb8 10. Rb1 a6 11. a4 Qb6 12. b3 cxd4 13. exd4 Nxd4 14. Nxd4 Bxd4 15. Ne4 e5 16. Bg5 d5 17. c5 Qc7 18. Nf6+ Kg7 19. Qd2 Ng8 20. Nxd5 Qxc5 21. Rbc1 Qa7 22. b4 Be6 23. Nc7 Bf5 24. a5 b6 25. Be3 bxa5 26. bxa5 Rfc8 27. Bxd4 Qxd4 28. Qxd4 exd4 29. Nxa6 Rb5 30. Nc7 Rxa5 31. Ne8+ Kf8 32. Nd6 Rxc1 33. Rxc1 Be6 34. Nb7 Ra3 35. Nc5 Bf5 36. Rd1 Bg4 37. f3 Bxf3 38. Bxf3 Rxf3 39. Rxd4 Rc3 40. Rd8+ Kg7 41. Ne4 Rc2 42. g4 Nf6 43. Nxf6 Kxf6 44. Rd5 Re2 45. h3 h6 46. Ra5 Ke6 47. Ra7 h5 48. Ra6+ Ke5 49. gxh5 gxh5 50. Ra5+ Kf4 51. Rxh5 f5 52. h4 Kg4 53. Rg5+ Kxh4 54. Rxf5 1/2-1/2

[Event "84th Tata Steel Challengers 2022"]
[Site "Wijk aan Zee"]
[Date "2022.01.25"]
[Round "9.4"]
[White "Bjerre, Jonas Buhl"]
[Black "Ganguly, Surya Shekhar"]
[Result "1-0"]
[WhiteElo "2586"]
[BlackElo "2627"]
[Annotator "TA"]
[PlyCount "121"]
[EventDate "2022.01.15"]
[EventType "tourn"]
[EventCountry "NED"]
[SourceTitle "playchess.com"]
[Source "ChessBase"]
[SourceQuality "1"]

1. d4 Nf6 2. c4 e6 3. Nf3 d5 4. Nc3 c5 5. e3 Nc6 6. a3 dxc4 7. Bxc4 a6 8. O-O b5 9. Ba2 Bb7 10. Qe2 cxd4 11. Rd1 b4 12. exd4 bxc3 13. d5 Nxd5 14. Rxd5 Qc7 15. Rd3 Be7 16. Rxc3 O-O 17. Ng5 h6 18. Nxf7 Rxf7 19. Qxe6 Raf8 20. Bxh6 Bf6 21. Rc2 Kh7 22. Be3 Qd7 23. Qe4+ g6 24. Bxf7 Rxf7 25. Rd2 Nd4 26. Qf4 Qc6 27. f3 g5 28. Qg3 Nf5 29. Qf2 Kg6 30. Rad1 Qc7 31. Rc2 Qb8 32. h3 Be5 33. Ba7 Bh2+ 34. Kh1 Qf4 35. Qb6+ Kg7 36. Qe6 Bg3 37. Rd7 Nd6 38. Bb8 Qa4 39. Bxd6 Rxd7 40. Bxg3 Rd1+ 41. Kh2 Qxc2 42. Qe7+ Kg6 43. Qxb7 Qb1 44. Qxa6+ Kh5 45. Be1 Qxb2 46. Qe6 Qb8+ 47. Kg1 Qa7+ 48. Kf1 Rxe1+ 49. Qxe1 Qxa3 50. Qe5 Qa6+ 51. Kg1 Kh6 52. Kh2 Qb6 53. Kg3 Qa6 54. Kg4 Qc8+ 55. Kg3 Qa6 56. h4 gxh4+ 57. Kxh4 Qb6 58. f4 Kh7 59. f5 Qh6+ 60. Kg4 Qd2 61. Qe7+ 1-0

[Event "85th Tata Steel Challengers 2023"]
[Site "Wijk aan Zee"]
[Date "2023.01.24"]
[Round "9.4"]
[White "Beerdsen, Thomas"]
[Black "Warmerdam, Max"]
[Result "0-1"]
[WhiteElo "2515"]
[BlackElo "2616"]
[Annotator "TA"]
[PlyCount "110"]
[EventDate "2023.01.10"]
[EventType "tourn"]
[EventCountry "NED"]
[SourceTitle "playchess.com"]
[Source "ChessBase"]
[SourceQuality "1"]

1. e4 c5 2. Nf3 d6 3. d4 cxd4 4. Nxd4 Nf6 5. Nc3 a6 6. Bg5 e6 7. f4 h6 8. Bh4 Qb6 9. Qd3 Nc6 10. Nb3 Qc7 11. O-O-O b5 12. Be2 b4 13. Na4 Be7 14. Bxf6 gxf6 15. Qe3 Rb8 16. Rd2 Na7 17. Rhd1 Nb5 18. Kb1 h5 19. Qg3 Kf8 20. f5 e5 21. Qe3 Qa7 22. Qf3 Bd7 23. g4 hxg4 24. Qxg4 Rg8 25. Qh5 Qe3 26. Bc4 Be8 27. h4 Bd8 28. Bd5 Nc7 29. Bc4 Nb5 30. Bd5 Qf4 31. Qh7 Rg7 32. Qh8+ Rg8 33. Qh7 Qg4 34. Qh6+ Ke7 35. Bc4 Bc7 36. Qe3 Qg3 37. Qh6 Qg7 38. Qe3 Qg3 39. Qh6 Qf4 40. Qh7 Qg4 41. Qh6 Qxe4 42. Bd5 Qg4 43. Qe3 Qg3 44. Qh6 Rg4 45. h5 Qf4 46. Qh7 Qg5 47. Rh1 Rg1+ 48. Rd1 Qg7 49. Qxg7 Rxg7 50. h6 Rh7 51. Nd2 Bd7 52. Rh5 Rbh8 53. Rdh1 Nd4 54. b3 Nxf5 55. Be4 Rxh6 0-1

[Event "Tata Steel Tienkampen 2023"]
[Site "Wijk aan Zee"]
[Date "2023.01.29"]
[Round "9.4"]
[White "Lopez, Jasel"]
[Black "Zwirs, Nico"]
[Result "1/2-1/2"]
[WhiteElo "2434"]
[BlackElo "2467"]
[Annotator "TA"]
[PlyCount "119"]
[EventDate "2023.01.20"]
[EventType "swiss"]
[EventCountry "NED"]
[SourceTitle "playchess.com"]
[Source "ChessBase"]
[SourceQuality "1"]

1. c4 e6 2. Nc3 d5 3. d4 Nf6 4. cxd5 exd5 5. Bg5 Bb4 6. e3 h6 7. Bh4 g5 8. Bg3 h5 9. Bd3 h4 10. Be5 Nbd7 11. Qb3 Bxc3+ 12. Qxc3 Nxe5 13. dxe5 Ne4 14. Bxe4 dxe4 15. Rd1 Qe7 16. Rd4 Bf5 17. f4 exf3 18. Nxf3 g4 19. Nd2 Bd7 20. e6 fxe6 21. Qxc7 Rc8 22. Qe5 Rf8 23. Ne4 Kd8 24. Qa5+ Rc7 25. Qxa7 e5 26. Qa8+ Rc8 27. Qa5+ Rc7 28. Rd5 Qe6 29. Rxe5 Qc6 30. Rc5 b6 31. Rxc6 bxa5 32. Rxc7 Kxc7 33. Rf1 Rb8 34. Rf2 Bc6 35. Nc3 g3 36. hxg3 hxg3 37. Re2 Kd6 38. Kf1 Ke5 39. Rd2 Bb7 40. Kg1 Rf8 41. e4 Ba6 42. Rd5+ Ke6 43. Rd1 Rf2 44. b3 Rc2 45. Nd5 Ke5 46. Ne3 Rxa2 47. Nf5 Kf4 48. Re1 Rb2 49. Nd4 Bb7 50. Ne6+ Kg4 51. Nc5 Ba8 52. Rc1 Kg5 53. Kf1 Rf2+ 54. Kg1 Rb2 55. Kf1 Rf2+ 56. Kg1 Rd2 57. Kf1 Rf2+ 58. Kg1 Rd2 59. Kf1 Kf4 60. Rc3 1/2-1/2

[Event "86th Tata Steel Tienkamp 2024"]
[Site "Wijk aan Zee"]
[Date "2024.01.28"]
[Round "9.4"]
[White "Baselmans, Luuk"]
[Black "Pastar, Slaven"]
[Result "0-1"]
[WhiteElo "2323"]
[BlackElo "2343"]
[Annotator "TA"]
[PlyCount "122"]
[EventDate "2024.01.02"]
[EventType "tourn"]
[EventCountry "NED"]
[SourceTitle "playchess.com"]
[Source "ChessBase"]
[SourceQuality "1"]

1. e4 e5 2. Nf3 Nc6 3. Bb5 Nge7 4. c3 a6 5. Ba4 d6 6. d4 Bd7 7. O-O Ng6 8. Re1 Be7 9. d5 Nb8 10. c4 b5 11. Bc2 O-O 12. Be3 h6 13. Nbd2 c5 14. dxc6 Bxc6 15. a4 b4 16. a5 Nd7 17. Nf1 Qc7 18. Ng3 Rfd8 19. Nf5 Bf8 20. Nd2 Ne7 21. Qg4 Nxf5 22. exf5 Nf6 23. Qh4 Qe7 24. Qh3 Rab8 25. Rad1 Qb7 26. g4 Nh7 27. Qg3 d5 28. Bb6 Re8 29. cxd5 Bxd5 30. Rxe5 Rxe5 31. Qxe5 Ng5 32. Qg3 Re8 33. h4 Nf3+ 34. Nxf3 Bxf3 35. Rc1 Qd5 36. Be3 Bd6 37. Bf4 Bxf4 38. Qxf4 Rc8 39. Kh2 Qc6 40. f6 Be4 41. Bd3 Qxc1 42. Qxe4 gxf6 43. Qxb4 Qc7+ 44. Kg2 Qc6+ 45. Be4 Qe6 46. Bf5 Qd5+ 47. Be4 Qe5 48. Bd3 Rb8 49. Qe4 Qxe4+ 50. Bxe4 Rb5 51. Bd3 Rxa5 52. b4 Ra3 53. Bf1 Kg7 54. f3 f5 55. gxf5 Kf6 56. Kg3 Kxf5 57. Bc4 f6 58. Bf1 h5 59. Bc4 Ke5 60. Bf7 f5 61. Bxh5 Rb3 0-1

[Event "82nd Tata Steel Masters 2020"]
[Site "Wijk aan Zee"]
[Date "2020.01.21"]
[Round "9.5"]
[White "So, Wesley"]
[Black "Giri, Anish"]
[Result "1/2-1/2"]
[WhiteElo "2765"]
[BlackElo "2768"]
[Annotator "TA"]
[PlyCount "61"]
[EventDate "2020.01.11"]
[EventType "tourn"]
[EventCountry "NED"]
[SourceTitle "playchess.com"]
[Source "ChessBase"]
[SourceQuality "1"]

1. c4 c6 2. d4 Nf6 3. Nc3 d5 4. cxd5 cxd5 5. Bf4 Nc6 6. Nf3 Bf5 7. e3 e6 8. Qb3 Bb4 9. Bb5 O-O 10. Bxc6 Bxc3+ 11. Qxc3 Rc8 12. Ne5 Ng4 13. Nxg4 Bxg4 14. Qb4 Rxc6 15. Qxb7 Qc8 16. Qxc8 Rfxc8 17. O-O a5 18. b3 f6 19. f3 Bf5 20. Rfe1 Bg6 21. e4 dxe4 22. fxe4 Rd8 23. Rad1 Rc2 24. e5 fxe5 25. Bxe5 Rxa2 26. Ra1 Rxa1 27. Rxa1 Rd5 28. Rc1 Rb5 29. Rc8+ Kf7 30. Rb8 Rxb8 31. Bxb8 1/2-1/2

[Event "83rd Tata Steel Masters 2021"]
[Site "Wijk aan Zee"]
[Date "2021.01.26"]
[Round "9.5"]
[White "Firouzja, Alireza"]
[Black "Esipenko, Andrey"]
[Result "1/2-1/2"]
[WhiteElo "2749"]
[BlackElo "2677"]
[Annotator "TA"]
[PlyCount "81"]
[EventDate "2021.01.16"]
[EventType "tourn"]
[EventCountry "NED"]
[SourceTitle "playchess.com"]
[Source "ChessBase"]
[SourceQuality "1"]

1. d4 Nf6 2. Nf3 d5 3. Bf4 e6 4. e3 c5 5. Nbd2 Nc6 6. c3 Nh5 7. Bg5 f6 8. Bh4 g6 9. h3 cxd4 10. cxd4 Bd6 11. Bd3 O-O 12. a3 Qc7 13. Qc2 Kh8 14. g4 Ng7 15. b4 a6 16. Rc1 Ne8 17. Qb2 Kg8 18. g5 f5 19. Nb3 Ng7 20. Na5 Bd7 21. O-O Rae8 22. Nxc6 Bxc6 23. a4 Nh5 24. b5 axb5 25. axb5 Qb6 26. Rc2 Bd7 27. Re1 Rc8 28. Kg2 Rxc2 29. Qxc2 Rc8 30. Qd2 Qa7 31. Qb2 Qb6 32. Re2 Qa5 33. Qb1 Rc3 34. Ra2 Ra3 35. Rxa3 Qxa3 36. Qc2 Qa5 37. Qe2 Qc3 38. Qd2 Qxd2 39. Nxd2 b6 40. Nf3 Kf7 41. Be2 1/2-1/2

[Event "84th Tata Steel Masters 2022"]
[Site "Wijk aan Zee"]
[Date "2022.01.25"]
[Round "9.5"]
[White "Van Foreest, Jorden"]
[Black "Dubov, Daniil"]
[Result "1/2-1/2"]
[WhiteElo "2702"]
[BlackElo "2720"]
[Annotator "TA"]
[PlyCount "68"]
[EventDate "2022.01.15"]
[EventType "tourn"]
[EventCountry "NED"]
[SourceTitle "playchess.com"]
[Source "ChessBase"]
[SourceQuality "1"]

1. e4 e5 2. Nf3 Nc6 3. Bb5 a6 4. Ba4 Nf6 5. O-O Be7 6. Re1 b5 7. Bb3 O-O 8. d3 d6 9. c3 Na5 10. Bc2 c5 11. Nbd2 Nc6 12. h3 Re8 13. a4 b4 14. Nc4 a5 15. Bb3 Rb8 16. Ne3 Be6 17. Nd5 h6 18. Bc4 Bf8 19. Nh2 Nd7 20. Ng4 Ne7 21. Nge3 Bxd5 22. Nxd5 Nxd5 23. Bxd5 bxc3 24. bxc3 Nb6 25. Bc6 Re6 26. Rb1 Qc8 27. Bb5 Rg6 28. Kh2 d5 29. Bd2 dxe4 30. dxe4 c4 31. Qe2 Bc5 32. Red1 Qc7 33. Be3 Bxe3 34. Qxe3 Rd8 1/2-1/2

[Event "85th Tata Steel Masters 2023"]
[Site "Wijk aan Zee"]
[Date "2023.01.24"]
[Round "9.5"]
[White "Praggnanandhaa R"]
[Black "Caruana, Fabiano"]
[Result "1/2-1/2"]
[WhiteElo "2684"]
[BlackElo "2766"]
[Annotator "TA"]
[PlyCount "117"]
[EventDate "2023.01.10"]
[EventType "tourn"]
[EventCountry "NED"]
[SourceTitle "playchess.com"]
[Source "ChessBase"]
[SourceQuality "1"]

1. d4 Nf6 2. c4 e6 3. Nf3 d5 4. Nc3 Bb4 5. Qa4+ Nc6 6. e3 O-O 7. Qc2 b6 8. Bd2 Ne7 9. a3 Bd6 10. b4 c6 11. c5 bxc5 12. bxc5 Bc7 13. Bd3 Ng6 14. Ne2 e5 15. dxe5 Nxe5 16. Nxe5 Bxe5 17. Bc3 Bxc3+ 18. Qxc3 Ba6 19. O-O Bxd3 20. Qxd3 Ne4 21. Qa6 Qd7 22. Nd4 Rfc8 23. Qa5 Rab8 24. Rab1 g6 25. Rb4 Ng5 26. Qa6 Rxb4 27. axb4 Ne6 28. Nc2 Rb8 29. h3 Qc7 30. Ra1 Rb7 31. Qa4 Kg7 32. Rd1 Kg8 33. Qa3 Qe5 34. Qa6 Rc7 35. Qa1 Qe4 36. Qc3 h5 37. Ra1 Rd7 38. Rd1 Rb7 39. Ra1 Rd7 40. Nd4 Nxd4 41. Qxd4 Qxd4 42. exd4 Kg7 43. Kf1 Rb7 44. Ra4 Re7 45. f3 Re3 46. Rxa7 Rd3 47. Ra6 Rxd4 48. Rb6 Kf8 49. Ke2 Ke7 50. Ke3 Rc4 51. Rxc6 Rxb4 52. Rd6 Rb2 53. g4 Rb3+ 54. Kf4 hxg4 55. hxg4 Rd3 56. g5 d4 57. Ke4 Re3+ 58. Kf4 Rd3 59. Ke4 1/2-1/2

[Event "85th Tata Steel Challengers 2023"]
[Site "Wijk aan Zee"]
[Date "2023.01.24"]
[Round "9.5"]
[White "Sindarov, Javokhir"]
[Black "Mishra, Abhimanyu"]
[Result "1-0"]
[WhiteElo "2654"]
[BlackElo "2559"]
[Annotator "TA"]
[PlyCount "69"]
[EventDate "2023.01.10"]
[EventType "tourn"]
[EventCountry "NED"]
[SourceTitle "playchess.com"]
[Source "ChessBase"]
[SourceQuality "1"]

1. e4 c5 2. Nf3 d6 3. d4 cxd4 4. Nxd4 Nf6 5. Nc3 a6 6. Qd3 Nbd7 7. Be2 b5 8. Nd5 Bb7 9. a4 bxa4 10. Nxf6+ Nxf6 11. f3 g6 12. Rxa4 Nd7 13. Nb3 Ne5 14. Qe3 Bg7 15. Bd2 Qd7 16. Ra3 O-O 17. Bc3 Rfc8 18. O-O Nc6 19. Bxg7 Kxg7 20. Nd2 Qe6 21. Nc4 Rc7 22. Nb6 Rb8 23. Rc3 f5 24. Bc4 Qe5 25. Bb3 Rf8 26. f4 Qa5 27. Be6 Rf6 28. b4 Qxb4 29. Nd5 Qxe4 30. Qxe4 fxe4 31. Nxc7 Nd4 32. Ne8+ Kf8 33. Nxf6 Ne2+ 34. Kf2 Nxc3 35. Nxh7+ 1-0

[Event "82nd Tata Steel Challengers 2020"]
[Site "Wijk aan Zee"]
[Date "2020.01.21"]
[Round "9.5"]
[White "Warmerdam, Max"]
[Black "Van Foreest, Lucas"]
[Result "1/2-1/2"]
[WhiteElo "2498"]
[BlackElo "2523"]
[Annotator "TA"]
[PlyCount "89"]
[EventDate "2020.01.11"]
[EventType "tourn"]
[EventCountry "NED"]
[SourceTitle "playchess.com"]
[Source "ChessBase"]
[SourceQuality "1"]

1. c4 e6 2. Nc3 Nf6 3. e4 d5 4. e5 d4 5. exf6 dxc3 6. bxc3 Qxf6 7. d4 b6 8. Be2 Bb7 9. Bf3 Bxf3 10. Nxf3 Bd6 11. Qa4+ c6 12. O-O O-O 13. Re1 Rc8 14. c5 Bc7 15. cxb6 Bxb6 16. Ne5 Qd8 17. Ba3 Qd5 18. Rad1 Bc7 19. c4 Qa5 20. Qb3 Bxe5 21. Rxe5 Qc7 22. Rg5 Nd7 23. Bb2 Rab8 24. Qc2 f6 25. Rg3 Rd8 26. h4 e5 27. Bc3 exd4 28. Rxd4 Ne5 29. Re4 Qd6 30. Re1 Nxc4 31. h5 Ne5 32. h6 Rb7 33. Qf5 g6 34. Bxe5 fxe5 35. Rxe5 Rf8 36. Qe4 Rb4 37. Qe2 Qd4 38. Re8 Qa1+ 39. Kh2 Rh4+ 40. Rh3 Rxh3+ 41. Kxh3 Qh1+ 42. Kg3 Qxh6 43. Qe6+ Kh8 44. Qf6+ Kg8 45. Qe6+ 1/2-1/2

[Event "84th Tata Steel Challengers 2022"]
[Site "Wijk aan Zee"]
[Date "2022.01.25"]
[Round "9.5"]
[White "Maurizzi, Marc`Andria"]
[Black "Van Foreest, Lucas"]
[Result "1-0"]
[WhiteElo "2496"]
[BlackElo "2530"]
[Annotator "TA"]
[PlyCount "53"]
[EventDate "2022.01.15"]
[EventType "tourn"]
[EventCountry "NED"]
[SourceTitle "playchess.com"]
[Source "ChessBase"]
[SourceQuality "1"]

1. d4 d5 2. c4 dxc4 3. Nf3 Nf6 4. e3 e6 5. Bxc4 c5 6. O-O a6 7. e4 b5 8. e5 bxc4 9. exf6 gxf6 10. dxc5 Qxd1 11. Rxd1 Bxc5 12. Nbd2 Bb7 13. Nxc4 Rg8 14. Ne1 Ke7 15. b4 Bd5 16. bxc5 Bxc4 17. Rb1 Bb5 18. Rd6 Rc8 19. Ba3 Nc6 20. Nc2 Ke8 21. Ne3 Na5 22. Rb4 Rxc5 23. Rg4 Rg5 24. h4 Rxg4 25. Nxg4 Rc8 26. Rd1 f5 27. Nf6# 1-0

[Event "86th Tata Steel Tienkamp 2024"]
[Site "Wijk aan Zee"]
[Date "2024.01.28"]
[Round "9.5"]
[White "Van Foreest, Machteld"]
[Black "Holzke, Frank"]
[Result "1/2-1/2"]
[WhiteElo "2363"]
[BlackElo "2460"]
[Annotator "TA"]
[PlyCount "115"]
[EventDate "2024.01.02"]
[EventType "tourn"]
[EventCountry "NED"]
[SourceTitle "playchess.com"]
[Source "ChessBase"]
[SourceQuality "1"]

1. e4 e6 2. Qe2 e5 3. Nf3 Nc6 4. g3 Nf6 5. Bg2 Bc5 6. O-O O-O 7. d3 Re8 8. c3 a5 9. Rd1 Ba7 10. Na3 d6 11. Nc2 h6 12. Be3 d5 13. Bxa7 Rxa7 14. exd5 Nxd5 15. Ne3 Nf4 16. Qf1 Nxg2 17. Qxg2 Ra6 18. d4 exd4 19. Nxd4 Nxd4 20. Rxd4 Rd6 21. Rad1 Rxd4 22. Rxd4 Qf6 23. h4 b6 24. Qd5 Ba6 25. Rf4 Qe6 26. Qxe6 Rxe6 27. Rd4 g6 28. Rd7 c6 29. c4 Kg7 30. Ra7 Bc8 31. Ra8 Bb7 32. Rb8 Re7 33. g4 c5 34. Kh2 Kf6 35. Kg3 Ke5 36. Rd8 f5 37. Nd5 Bxd5 38. cxd5 fxg4 39. Kxg4 Rf7 40. Kg3 g5 41. hxg5 hxg5 42. d6 a4 43. d7 Kf5 44. f3 a3 45. bxa3 Ke6 46. Rb8 Rxd7 47. Rxb6+ Ke5 48. Kg4 c4 49. Rb1 Rg7 50. Rd1 c3 51. a4 c2 52. Rc1 Rc7 53. Kxg5 Rg7+ 54. Kh6 Rg2 55. a5 Kf6 56. Kh5 Kf5 57. Kh6 Kf6 58. Kh5 1/2-1/2

[Event "Tata Steel Tienkampen 2023"]
[Site "Wijk aan Zee"]
[Date "2023.01.29"]
[Round "9.5"]
[White "Culum, Sanjin"]
[Black "Martins, Vinicius Tine"]
[Result "1-0"]
[WhiteElo "2242"]
[BlackElo "2320"]
[Annotator "TA"]
[PlyCount "107"]
[EventDate "2023.01.20"]
[EventType "swiss"]
[EventCountry "NED"]
[SourceTitle "playchess.com"]
[Source "ChessBase"]
[SourceQuality "1"]

1. e4 e5 2. Nf3 Nc6 3. Bc4 Bc5 4. c3 Nf6 5. d3 a6 6. a4 Ba7 7. O-O d6 8. Re1 O-O 9. h3 Ne7 10. Nbd2 Ng6 11. Nf1 c6 12. Ng3 d5 13. Bb3 h6 14. Be3 Bxe3 15. Rxe3 Re8 16. Qc2 Be6 17. exd5 Nxd5 18. Ree1 Ndf4 19. d4 exd4 20. Nxd4 Nh4 21. Nxe6 fxe6 22. Qd1 Nhxg2 23. Qxd8 Raxd8 24. Re4 Rd2 25. Rd1 Rxb2 26. Rb4 Kh8 27. Rxb7 Nh4 28. Ne4 Nf3+ 29. Kh1 Re2 30. Rb4 Nxh3 31. Kg2 Nfg5 32. Nxg5 Nxg5 33. Bc4 Rc2 34. Bxa6 Rf8 35. Rf1 Rxc3 36. Bb7 Rb8 37. Rfb1 Rc5 38. Rb6 Nf7 39. Bxc6 Rxb6 40. Rxb6 g5 41. Bb5 Kg7 42. a5 Nd6 43. Be2 Rxa5 44. Rxd6 Kf6 45. Bc4 Re5 46. Ra6 Re4 47. Bb3 Re5 48. Bd1 Re4 49. Bf3 Re5 50. Bg4 Re4 51. f3 Re5 52. Kf2 Kf7 53. Bh5+ Kf6 54. Ra7 1-0